Peranan pemerintah dalam perniagaan internasional; (Record no. 64213)

MARC details
000 -LEADER
fixed length control field 00584cam a22002171 4500
001 - CONTROL NUMBER
control field sa 65005252
003 - CONTROL NUMBER IDENTIFIER
control field DLC
005 - DATE AND TIME OF LATEST TRANSACTION
control field 20260227112136.0
008 - FIXED-LENGTH DATA ELEMENTS--GENERAL INFORMATION
fixed length control field 890108s1961 io a 000 0 ind
010 ## - LIBRARY OF CONGRESS CONTROL NUMBER
LC control number sa 65005252
035 ## - SYSTEM CONTROL NUMBER
System control number (OCoLC)23554639
040 ## - CATALOGING SOURCE
Original cataloging agency DLC
Transcribing agency MiU
Modifying agency DLC
042 ## - AUTHENTICATION CODE
Authentication code premarc
043 ## - GEOGRAPHIC AREA CODE
Geographic area code a-io---
050 00 - LIBRARY OF CONGRESS CALL NUMBER
Classification number HF3806
Item number .W3
100 1# - MAIN ENTRY--PERSONAL NAME
Personal name Wachid, Djoerban.
245 10 - TITLE STATEMENT
Title Peranan pemerintah dalam perniagaan internasional;
260 ## - PUBLICATION, DISTRIBUTION, ETC.
Place of publication, distribution, etc. [Djakarta,
Name of publisher, distributor, etc. Pertjetakan U. I. I.,
Date of publication, distribution, etc. 1961?]
300 ## - PHYSICAL DESCRIPTION
Extent 32, [1] p.
Other physical details illus.
Dimensions 21 cm.
651 #0 - SUBJECT ADDED ENTRY--GEOGRAPHIC NAME
Geographic name Indonesia
General subdivision Commerce.

No items available.

Powered by Koha